[Event "EU-chT Seniors 02nd"]
[Site "Dresden"]
[Date "2000.03.02"]
[Round "2.1"]
[White "Eskandary, Jahja"]
[Black "Rudnik, Heinz"]
[Result "1/2-1/2"]
[WhiteElo "2160"]
[BlackElo "2100"]
[EventDate "2000.03.01"]
[PlyCount "133"]

1.e4 c5 2.Nc3 g6 3.Bc4 Nc6 4.d3 Bg7 5.Be3 d6 6.Qd2 Nd4 7.Nd1 Be6 8.Bxe6 
fxe6 9.c3 Nc6 10.Ne2 Nf6 11.f3 e5 12.Bh6 Bxh6 13.Qxh6 Qb6 14.Qe3 O-O 15.
O-O Nh5 16.g3 Rf7 17.Kg2 Raf8 18.Qd2 e6 19.Ne3 Nf6 20.g4 Qd8 21.h4 d5 22.
g5 Nh5 23.Ng4 Kg7 24.Qe3 Qd6 25.Rad1 d4 26.Qc1 b6 27.c4 Ne7 28.Qd2 Ng8 29.
Rb1 a5 30.a3 Nf4+ 31.Nxf4 Rxf4 32.b4 axb4 33.axb4 h5 34.bxc5 bxc5 35.Rb7+ 
R8f7 36.Rxf7+ Rxf7 37.Nf2 Qb6 38.Ra1 Ra7 39.Rxa7+ Qxa7 40.Qb2 Ne7 41.Qb5 
Kf7 42.Nd1 Qa1 43.Nf2 Qa7 44.Kf1 Kf8 45.Ke2 Qa2+ 46.Ke1 Qa3 47.Qb8+ Kf7 
48.Qxe5 Ng8 49.Kf1 Qa7 50.Kg2 Qb6 51.Nh3 Qb2+ 52.Kg3 Qb4 53.Nf2 Qb6 54.Qh8
Ne7 55.Qf6+ Ke8 56.Nh3 Qb1 57.Qxe6 Qe1+ 58.Kg2 Qxh4 59.Qd6 Qe1 60.Qxc5 h4 
61.Nf2 Qe3 62.Qb5+ Kf7 63.c5 Qxg5+ 64.Ng4 Qf4 65.Qc4+ Kf8 66.Qxd4 Qg3+ 67.
Kf1 1/2-1/2

[Event "EU-chT Seniors 02nd"]
[Site "Dresden"]
[Date "2000.03.04"]
[Round "4.1"]
[White "Fronczek, Heinrich"]
[Black "Brandenberg, Karl Heinz"]
[Result "1/2-1/2"]
[WhiteElo "2323"]
[BlackElo "2177"]
[EventDate "2000.03.01"]
[PlyCount "66"]

1.d4 Nf6 2.Nf3 d6 3.Bf4 g6 4.Nbd2 c5 5.e3 Bg7 6.h3 O-O 7.c3 Nc6 8.Bc4 Qb6 
9.Qc1 Bf5 10.g4 Bd7 11.O-O Rac8 12.Re1 d5 13.dxc5 Qxc5 14.Bf1 Rfe8 15.Ne5 
Nxe5 16.Bxe5 h5 17.g5 Ne4 18.Bxg7 Kxg7 19.Nxe4 dxe4 20.h4 Bg4 21.Bg2 Qf5 
22.Qc2 Bf3 23.Bxf3 Qxf3 24.Rad1 Qg4+ 25.Kf1 Rc5 26.Qa4 Qh3+ 27.Ke2 Qf3+ 
28.Kd2 Rd8+ 29.Kc1 Qxf2 30.Qxe4 Rxd1+ 31.Rxd1 Rb5 32.Rd2 Qe1+ 33.Rd1 Qf2 
1/2-1/2

[Event "EU-chT Seniors 02nd"]
[Site "Dresden"]
[Date "2000.03.02"]
[Round "2.1"]
[White "Fronczek, Heinrich"]
[Black "Stavenhagen, Johannes"]
[Result "1-0"]
[WhiteElo "2323"]
[BlackElo "1904"]
[EventDate "2000.03.01"]
[PlyCount "75"]

1.d4 Nf6 2.Nf3 e6 3.c4 b6 4.Nc3 Bb7 5.a3 d5 6.Bg5 Be7 7.e3 Nbd7 8.Be2 h6 
9.Bh4 Ne4 10.Bxe7 Qxe7 11.Qc2 Nxc3 12.Qxc3 Rc8 13.cxd5 exd5 14.Bb5 c6 15.
Bd3 O-O 16.O-O f5 17.b4 Rce8 18.Qc2 Qf6 19.a4 g5 20.g3 Re7 21.Nd2 h5 22.
Nb3 Rg7 23.b5 f4 24.bxc6 Bxc6 25.Bb5 Nb8 26.Rac1 Bxb5 27.axb5 f3 28.h3 Qe6
29.Kh2 Qd6 30.e4 dxe4 31.Qxe4 Re7 32.Qd3 h4 33.Rg1 Re2 34.Rcf1 Kh8 35.Nd2 
hxg3+ 36.Rxg3 g4 37.hxg4 Re5 38.Nc4 1-0

[Event "EU-chT Seniors 02nd"]
[Site "Dresden"]
[Date "2000.03.05"]
[Round "5.2"]
[White "Hampel, Johannes"]
[Black "Rosen, Willy"]
[Result "0-1"]
[WhiteElo "2043"]
[BlackElo "2308"]
[EventDate "2000.03.01"]
[PlyCount "84"]

1.d4 Nf6 2.c4 c5 3.d5 e5 4.Nc3 d6 5.e4 Be7 6.Be2 O-O 7.Nf3 Ne8 8.O-O g6 9.
Ne1 Nd7 10.Nd3 Bg5 11.f4 exf4 12.Bxf4 Bxf4 13.Rxf4 Qe7 14.Qd2 a6 15.Raf1 
Rb8 16.a4 b6 17.b3 Rb7 18.Bg4 Ng7 19.Bxd7 Bxd7 20.Re1 f6 21.Rh4 Ne8 22.Rf4
b5 23.axb5 axb5 24.Rf2 Nc7 25.Ref1 Kg7 26.e5 dxe5 27.Ne4 Ne8 28.Nexc5 Ra7 
29.Nxd7 Rxd7 30.Qe3 bxc4 31.bxc4 Qa3 32.Qh3 Rff7 33.Kh1 Rb7 34.Qc8 Nd6 35.
Qc5 Qxd3 36.Qxd6 Qxc4 37.h3 Rbd7 38.Qb6 f5 39.Qb2 Qd4 40.Qxd4 exd4 41.Rd2 
Rxd5 42.Rfd1 Rfd7 0-1

[Event "EU-chT Seniors 02nd"]
[Site "Dresden"]
[Date "2000.03.08"]
[Round "7.2"]
[White "Hampel, Johannes"]
[Black "Starck, Bodo"]
[Result "1/2-1/2"]
[WhiteElo "2043"]
[BlackElo "2261"]
[EventDate "2000.03.01"]
[PlyCount "47"]

1.d4 Nf6 2.c4 e5 3.dxe5 Ng4 4.Bf4 Nc6 5.Nf3 Bb4+ 6.Nbd2 f6 7.e3 fxe5 8.Bg3
d6 9.Bh4 Nf6 10.Be2 O-O 11.O-O a5 12.a3 Bc5 13.Ne4 Ba7 14.b4 Qe8 15.Bxf6 
gxf6 16.b5 Ne7 17.Qd2 Qg6 18.Nc3 Kh8 19.e4 Rg8 20.Nh4 Qg7 21.g3 Bd4 22.
Rad1 b6 23.Nd5 Nxd5 24.cxd5 1/2-1/2

[Event "EU-chT Seniors 02nd"]
[Site "Dresden"]
[Date "2000.03.02"]
[Round "2.2"]
[White "Hampel, Johannes"]
[Black "Ziegler, Alfons"]
[Result "1-0"]
[WhiteElo "2043"]
[BlackElo "1911"]
[EventDate "2000.03.01"]
[PlyCount "69"]

1.d4 d5 2.c4 e6 3.Nc3 c6 4.Nf3 Nf6 5.e3 Nbd7 6.Bd3 dxc4 7.Bxc4 b5 8.Bd3 a6
9.e4 c5 10.d5 e5 11.b3 Qc7 12.Qe2 Bd6 13.O-O O-O 14.Bb2 Nb6 15.Nd2 Ng4 16.
h3 Nh6 17.a4 b4 18.Nd1 f5 19.a5 Nd7 20.exf5 Nxf5 21.Bxf5 Rxf5 22.Ne3 Rg5 
23.Ne4 Rg6 24.Nc4 Nf6 25.Nexd6 Bxh3 26.g3 Bxf1 27.Kxf1 Nxd5 28.Qxe5 Qc6 
29.Kg1 Rf8 30.Nf5 Rg5 31.Nce3 Kh8 32.Nxd5 Qg6 33.Qxg7+ Qxg7 34.Bxg7+ Rxg7 
35.Nxg7 1-0

[Event "EU-chT Seniors 02nd"]
[Site "Dresden"]
[Date "2000.03.01"]
[Round "1.3"]
[White "Harzer, Paul"]
[Black "Krueger, Erich"]
[Result "1/2-1/2"]
[WhiteElo "2048"]
[BlackElo "2262"]
[EventDate "2000.03.01"]
[PlyCount "65"]

1.d4 Nf6 2.Nf3 g6 3.Bg5 Bg7 4.Nbd2 O-O 5.c3 d6 6.e3 c5 7.Bc4 Qc7 8.O-O 
Nbd7 9.Qe2 b6 10.e4 h6 11.Be3 Bb7 12.d5 a6 13.a4 Ng4 14.Bf4 Nge5 15.Nxe5 
Nxe5 16.Bb3 b5 17.axb5 axb5 18.Bxe5 Bxe5 19.Qxb5 Rfb8 20.Qe2 Qb6 21.Rxa8 
Rxa8 22.Rb1 Ba6 23.Bc4 Bxc4 24.Qxc4 Bg7 25.Nf1 Ra5 26.Ne3 Qa7 27.Nd1 Ra4 
28.Qd3 c4 29.Qc2 h5 30.g3 Bh6 31.Kg2 Ra5 32.Qe2 Rc5 33.Qc2 1/2-1/2

[Event "EU-chT Seniors 02nd"]
[Site "Dresden"]
[Date "2000.03.07"]
[Round "6.3"]
[White "Harzer, Paul"]
[Black "Morgner, Siegfried"]
[Result "1-0"]
[WhiteElo "2048"]
[BlackElo "1738"]
[EventDate "2000.03.01"]
[PlyCount "75"]

1.d4 d6 2.e4 g6 3.Nc3 Bg7 4.Nf3 Nf6 5.Bg5 c6 6.Qd2 Qa5 7.O-O-O h6 8.Bf4 
Be6 9.d5 Nxe4 10.Nxe4 Qxa2 11.Qb4 cxd5 12.Nc3 Bxc3 13.Qxc3 f6 14.Nd4 Bg4 
15.f3 Bd7 16.Nb5 Bxb5 17.Bxb5+ Kf7 18.Kd2 d4 19.Bc4+ Kg7 20.Bxa2 dxc3+ 21.
Kxc3 Nd7 22.Rhe1 Rac8+ 23.Kd2 e5 24.Be3 a6 25.Be6 Rc7 26.Kc1 Nc5 27.Rxd6 
Nxe6 28.Rxe6 Kf7 29.Rd6 Rhc8 30.c3 h5 31.Red1 Ke7 32.g4 hxg4 33.fxg4 g5 
34.Bb6 Rc4 35.Rd7+ Ke8 36.h3 Rf4 37.Rxb7 Rf3 38.Rh7 1-0

[Event "EU-chT Seniors 02nd"]
[Site "Dresden"]
[Date "2000.03.03"]
[Round "3.4"]
[White "Haslinger, Thomas"]
[Black "Mann, Dieter"]
[Result "0-1"]
[WhiteElo "1671"]
[BlackElo "1852"]
[EventDate "2000.03.01"]
[PlyCount "66"]

1.b4 Nf6 2.Bb2 e6 3.b5 d5 4.e3 a6 5.Nf3 axb5 6.Bxb5+ Bd7 7.Be2 Be7 8.O-O 
O-O 9.c4 c5 10.d4 Ba4 11.Qd3 Nc6 12.Ba3 dxc4 13.Qxc4 b5 14.Qc1 c4 15.Bxe7 
Qxe7 16.Nc3 Nd5 17.Nxd5 exd5 18.Nd2 b4 19.Nb3 cxb3 20.axb3 Nxd4 21.Qb2 
Nxe2+ 22.Qxe2 Bxb3 23.Qb2 Bc4 24.Rfb1 b3 25.Qd4 Ra2 26.f3 Rfa8 27.e4 Rxa1 
28.Rxa1 Rxa1+ 29.Qxa1 Qc5+ 30.Kh1 h6 31.g3 dxe4 32.Qa8+ Kh7 33.Qxe4+ g6 
0-1

[Event "EU-chT Seniors 02nd"]
[Site "Dresden"]
[Date "2000.03.05"]
[Round "5.4"]
[White "Haslinger, Thomas"]
[Black "Neudel, Bernd"]
[Result "1/2-1/2"]
[WhiteElo "1671"]
[BlackElo "1786"]
[EventDate "2000.03.01"]
[PlyCount "42"]

1.b4 d5 2.Bb2 e6 3.e3 Nf6 4.b5 a6 5.Nf3 c5 6.c4 dxc4 7.Bxc4 axb5 8.Bxb5+ 
Bd7 9.Bxd7+ Nbxd7 10.O-O Be7 11.Nc3 O-O 12.a4 Nd5 13.d4 Nxc3 14.Bxc3 cxd4 
15.Nxd4 Nc5 16.Bb4 Na6 17.Bxe7 Qxe7 18.Nb5 Rfd8 19.Qg4 Nc7 20.Nxc7 Qxc7 
21.Rfc1 Qe7 1/2-1/2

[Event "EU-chT Seniors 02nd"]
[Site "Dresden"]
[Date "2000.03.01"]
[Round "1.3"]
[White "Husek, Alfred"]
[Black "Klein, Klaus"]
[Result "0-1"]
[WhiteElo "1805"]
[BlackElo "1995"]
[EventDate "2000.03.01"]
[PlyCount "75"]

1.e4 c5 2.Nf3 e6 3.d4 cxd4 4.Nxd4 Nf6 5.Nc3 Nc6 6.Ndb5 d6 7.Bg5 a6 8.Nd4 
Be7 9.Be2 O-O 10.O-O Bd7 11.Kh1 Nxe4 12.Bxe7 Nxc3 13.Bxd8 Nxd1 14.Nxc6 
Bxc6 15.Be7 Nxb2 16.Bxf8 Kxf8 17.f4 Rc8 18.Rab1 Na4 19.Bd3 g6 20.h4 Nc5 
21.Rbd1 Nxd3 22.cxd3 Bd5 23.Rd2 Rc3 24.Kg1 h5 25.Kf2 Ra3 26.Rb1 Ke7 27.
Rbb2 b5 28.Rbc2 Kf6 29.Rc7 Bxa2 30.Ke3 Bd5 31.g3 b4 32.Rd7 b3 33.Rxd6 a5 
34.Ra6 Ra1 35.Kd4 a4 36.Re2 a3 37.Kc3 Rc1+ 38.Kd4 0-1

[Event "EU-chT Seniors 02nd"]
[Site "Dresden"]
[Date "2000.03.04"]
[Round "4.3"]
[White "Husek, Alfred"]
[Black "Morgner, Siegfried"]
[Result "1/2-1/2"]
[WhiteElo "1805"]
[BlackElo "1738"]
[EventDate "2000.03.01"]
[PlyCount "61"]

1.e4 d6 2.d4 g6 3.Nf3 Bg7 4.Nc3 Nf6 5.Be2 O-O 6.O-O Nc6 7.Bf4 Nh5 8.Be3 
Nf6 9.Bf4 Bg4 10.h3 Bxf3 11.Bxf3 e5 12.dxe5 dxe5 13.Qxd8 Rfxd8 14.Bg5 Rd7 
15.Rad1 Nd4 16.Bxf6 Bxf6 17.Nd5 Nxf3+ 18.gxf3 Kg7 19.Nxf6 Rxd1 20.Rxd1 
Kxf6 21.Kg2 Ke6 22.c4 a5 23.h4 f6 24.Kf1 h5 25.Ke2 g5 26.Rh1 Rh8 27.c5 Kd7
28.Kd3 Kc6 29.Kc4 b6 30.cxb6 cxb6 31.a4 1/2-1/2

[Event "EU-chT Seniors 02nd"]
[Site "Dresden"]
[Date "2000.03.07"]
[Round "6.3"]
[White "Husek, Alfred"]
[Black "Neubert, Gerhard"]
[Result "0-1"]
[WhiteElo "1805"]
[BlackElo "1901"]
[EventDate "2000.03.01"]
[PlyCount "122"]

1.e4 c5 2.Nf3 e6 3.d4 cxd4 4.Nxd4 Nf6 5.Nc3 Bb4 6.Bd3 Nc6 7.Nb3 O-O 8.O-O 
d5 9.Bg5 d4 10.Ne2 e5 11.Ng3 Be7 12.h3 Be6 13.a3 Rc8 14.Nd2 Nd7 15.Bxe7 
Nxe7 16.Qh5 Ng6 17.Ne2 Nf6 18.Qf3 Nh4 19.Qg3 Nh5 20.Qxe5 g5 21.Nxd4 Ng6 
22.Nxe6 Nxe5 23.Nxd8 Nxd3 24.cxd3 Rfxd8 25.Nf3 h6 26.d4 Rc2 27.b4 Nf4 28.
d5 f6 29.Kh2 h5 30.g3 Ne2 31.Ng1 f5 32.Nxe2 Rxe2 33.exf5 Rxd5 34.g4 hxg4 
35.hxg4 Rd4 36.Kg3 Rd3+ 37.Kg2 Re4 38.f3 Ree3 39.a4 Rb3 40.Rab1 Rxf3 41.
Rxb3 Rxb3 42.b5 Rb4 43.Rd1 Rxg4+ 44.Kf3 Rf4+ 45.Ke3 Rxf5 46.Rd8+ Kg7 47.
Rd4 Kg6 48.Rb4 Kh5 49.Rd4 Rf7 50.Rd5 Kh4 51.Rd8 b6 52.Rd1 g4 53.Rh1+ Kg3 
54.Rg1+ Kh3 55.Rh1+ Kg2 56.Rh8 Rf3+ 57.Ke2 Rf7 58.Rg8 g3 59.Rh8 Re7+ 60.
Kd2 Kg1 61.Rg8 g2 0-1

[Event "EU-chT Seniors 02nd"]
[Site "Dresden"]
[Date "2000.03.01"]
[Round "1.3"]
[White "Kahn, Manfred"]
[Black "Neubert, Gerhard"]
[Result "1-0"]
[WhiteElo "2208"]
[BlackElo "1901"]
[EventDate "2000.03.01"]
[PlyCount "91"]

1.d4 f5 2.Nc3 Nf6 3.Bg5 d5 4.Bxf6 exf6 5.e3 Bb4 6.Bd3 Nc6 7.Qf3 Ne7 8.Ne2 
Be6 9.h3 Qd7 10.a3 Bxc3+ 11.Nxc3 a6 12.b4 O-O 13.Kd2 a5 14.b5 Nc8 15.g4 
Ne7 16.gxf5 Nxf5 17.Bxf5 Bxf5 18.Nxd5 Bg6 19.c4 Rad8 20.Rhg1 c6 21.Nc3 f5 
22.bxc6 bxc6 23.Qf4 Qa7 24.Rab1 Bf7 25.c5 Qxc5 26.Rb7 g6 27.a4 Qd6 28.Qxd6
Rxd6 29.Rb6 Bc4 30.Rc1 Rdf6 31.Ne2 Bd5 32.Rc5 g5 33.Rxa5 h5 34.Rc5 h4 35.
a5 g4 36.Nf4 Be4 37.a6 Ra8 38.d5 Rff8 39.dxc6 g3 40.fxg3 hxg3 41.c7 g2 42.
Nxg2 Bxg2 43.Rg6+ Kf7 44.Rxg2 Rxa6 45.c8=Q Rxc8 46.Rxc8 1-0

[Event "EU-chT Seniors 02nd"]
[Site "Dresden"]
[Date "2000.03.07"]
[Round "6.4"]
[White "Kahn, Manfred"]
[Black "Neudel, Bernd"]
[Result "1/2-1/2"]
[WhiteElo "2208"]
[BlackElo "1786"]
[EventDate "2000.03.01"]
[PlyCount "42"]

1.c4 c5 2.Nc3 Nc6 3.Nf3 Nf6 4.e3 e6 5.d4 d5 6.a3 a5 7.b3 Be7 8.Bb2 cxd4 9.
exd4 O-O 10.Bd3 b6 11.O-O Bb7 12.Re1 Qd7 13.Ne5 Qd8 14.Nb5 g6 15.Qe2 Rc8 
16.Rad1 Ba6 17.Qe3 Bxb5 18.cxb5 Nxe5 19.dxe5 Nd7 20.Rc1 Bc5 21.Qf4 Qe7 
1/2-1/2

[Event "EU-chT Seniors 02nd"]
[Site "Dresden"]
[Date "2000.03.07"]
[Round "6.4"]
[White "Kalmutzki, Manfred"]
[Black "Haslinger, Thomas"]
[Result "1-0"]
[WhiteElo "1800"]
[BlackElo "1671"]
[EventDate "2000.03.01"]
[PlyCount "120"]

1.d4 d5 2.e3 Nf6 3.f4 g6 4.Nf3 Bg7 5.Bd3 Bg4 6.O-O O-O 7.Nbd2 Nbd7 8.Qe1 
c5 9.c3 c4 10.Bc2 b5 11.Ne5 Qc7 12.e4 Nxe5 13.fxe5 Nxe4 14.Nxe4 Bf5 15.
Rxf5 gxf5 16.Ng5 h6 17.Nf3 e6 18.Qh4 f6 19.exf6 Rxf6 20.Bf4 Qd8 21.Be5 Rf8
22.Qxd8 Raxd8 23.Bxg7 Kxg7 24.Ne5 a5 25.a3 Ra8 26.Re1 b4 27.Nd7 Rfd8 28.
Nc5 Rd6 29.Nxe6+ Kf6 30.Nc5 bxa3 31.bxa3 Rb8 32.Na4 Kg5 33.Re5 Rf8 34.Nc5 
Rff6 35.Kf2 Rb6 36.Nd7 Rb2 37.Nxf6 Rxc2+ 38.Re2 Rxe2+ 39.Kxe2 Kxf6 40.Kf3 
Kg5 41.g3 a4 42.h3 h5 43.Ke3 f4+ 44.gxf4+ Kf5 45.Kf3 Kf6 46.Kg3 Kf5 47.Kh4
Kxf4 48.Kxh5 Ke3 49.h4 Ke4 50.Kg4 Kd3 51.h5 Kxc3 52.h6 Kxd4 53.h7 Kd3 54.
h8=Q d4 55.Qh7+ Kd2 56.Qe4 Kc3 57.Qb1 d3 58.Qb4+ Kd4 59.Qxa4 d2 60.Qc2 c3 
1-0

[Event "EU-chT Seniors 02nd"]
[Site "Dresden"]
[Date "2000.03.25"]
[Round "1.4"]
[White "Kalmutzki, Manfred"]
[Black "Lenk, Wolfgang"]
[Result "1/2-1/2"]
[WhiteElo "1800"]
[BlackElo "2185"]
[EventDate "2000.03.01"]
[PlyCount "85"]

1.d4 Nf6 2.e3 g6 3.f4 Bg7 4.Nf3 c5 5.c3 b6 6.Bd3 Bb7 7.O-O Nc6 8.Ne5 d6 9.
Nxc6 Bxc6 10.Nd2 Qd7 11.Qe2 O-O 12.Nf3 Be4 13.Bxe4 Nxe4 14.Nd2 Nxd2 15.
Bxd2 Qb7 16.Qd3 d5 17.a3 c4 18.Qc2 f5 19.Rfb1 Rac8 20.Be1 Rf6 21.h3 Qd7 
22.Bh4 Rfc6 23.Be1 Qe6 24.Kf2 Bf6 25.g3 Kf7 26.Kf3 Rg8 27.Bf2 Qd7 28.h4 h6
29.Rh1 Re6 30.Rag1 Re4 31.Rh2 Qc6 32.Rhh1 Ke8 33.Rb1 Kf7 34.Rbg1 b5 35.Rb1
a5 36.Ra1 Rb8 37.Rhb1 b4 38.axb4 axb4 39.cxb4 Rxb4 40.Be1 Rb3 41.Bc3 Bxd4 
42.exd4 Rxd4 43.Kf2 1/2-1/2

[Event "EU-chT Seniors 02nd"]
[Site "Dresden"]
[Date "2000.03.03"]
[Round "3.4"]
[White "Kalmutzki, Manfred"]
[Black "Zanger, Konrad"]
[Result "1/2-1/2"]
[WhiteElo "1800"]
[BlackElo "1715"]
[EventDate "2000.03.01"]
[PlyCount "52"]

1.d4 Nf6 2.e3 g6 3.f4 d6 4.Nf3 Bg7 5.Bc4 O-O 6.O-O Nc6 7.c3 b6 8.Nbd2 Bb7 
9.e4 e6 10.Qe2 Ne7 11.e5 Nd7 12.exd6 cxd6 13.Re1 Bd5 14.Bxd5 Nxd5 15.Ne4 
N7f6 16.Nfg5 Nxe4 17.Qxe4 Nc7 18.Re2 d5 19.Qd3 Qd7 20.Bd2 Qb5 21.Qxb5 Nxb5
22.Nf3 Nd6 23.Be3 Nc4 24.Ne5 Bxe5 25.fxe5 Nxe3 26.Rxe3 Rfc8 1/2-1/2

[Event "EU-chT Seniors 02nd"]
[Site "Dresden"]
[Date "2000.03.02"]
[Round "2.3"]
[White "Klein, Klaus"]
[Black "Morgner, Siegfried"]
[Result "1/2-1/2"]
[WhiteElo "1995"]
[BlackElo "1738"]
[EventDate "2000.03.01"]
[PlyCount "51"]

1.e4 d6 2.d4 g6 3.Nc3 Bg7 4.Be3 Nf6 5.f3 c6 6.Qd2 b5 7.g4 h5 8.g5 Nfd7 9.
f4 e6 10.Nf3 Qa5 11.Bd3 Na6 12.f5 b4 13.Ne2 exf5 14.exf5 gxf5 15.Nh4 Nf8 
16.Ng3 c5 17.Ngxf5 Bxf5 18.Nxf5 Bxd4 19.Bxd4 cxd4 20.Qe2+ Ne6 21.Nxd6+ Kd7
22.Nb7 Qxg5 23.Bxa6 Nc7 24.Qd2 Qxd2+ 25.Kxd2 Nxa6 26.Raf1 1/2-1/2

[Event "EU-chT Seniors 02nd"]
[Site "Dresden"]
[Date "2000.03.04"]
[Round "4.3"]
[White "Klein, Klaus"]
[Black "Neese, Hans Joachim"]
[Result "1/2-1/2"]
[WhiteElo "1995"]
[BlackElo "2165"]
[EventDate "2000.03.01"]
[PlyCount "115"]

1.e4 c5 2.Nf3 d6 3.d4 cxd4 4.Qxd4 e5 5.Bb5+ Nc6 6.Qd3 Be7 7.Nc3 a6 8.Ba4 
Nf6 9.Bg5 O-O 10.Bxf6 Bxf6 11.O-O-O Bg4 12.Bxc6 bxc6 13.Qxd6 Qc8 14.Qc5 
Qb7 15.Rd3 Rab8 16.b3 Rfe8 17.Rhd1 Be7 18.Qe3 f6 19.Kd2 Qb4 20.Ke2 Bc5 21.
Qd2 a5 22.Kf1 Qb7 23.Na4 Bb4 24.c3 Be7 25.Qe3 Rbd8 26.Rxd8 Rxd8 27.Rxd8+ 
Bxd8 28.Qd3 Be7 29.Nd2 g6 30.Nc4 Qb5 31.Ncb2 Qb7 32.Qc4+ Kg7 33.f3 Bc8 34.
Nd3 Qc7 35.Nac5 Qd6 36.Ke2 f5 37.b4 axb4 38.cxb4 Qf6 39.a4 Qg5 40.g3 fxe4 
41.Nxe4 Qh5 42.Qxc6 Qxh2+ 43.Ndf2 Bf5 44.Qc7 Kf7 45.Qxe5 Qg1 46.Nd6+ Bxd6 
47.Qxd6 Qb1 48.a5 Be6 49.Qc7+ Ke8 50.Qc6+ Kf7 51.Qc7+ Ke8 52.Qc5 Qa2+ 53.
Kf1 Bc4+ 54.Kg2 Qe2 55.Qc6+ Kf7 56.Qc7+ Ke8 57.Qc5 Kf7 58.Kh3 1/2-1/2

[Event "EU-chT Seniors 02nd"]
[Site "Dresden"]
[Date "2000.03.03"]
[Round "3.2"]
[White "Koksch, Guenther"]
[Black "Mueller, Siegmar"]
[Result "1-0"]
[WhiteElo "1962"]
[BlackElo "1765"]
[EventDate "2000.03.01"]
[PlyCount "85"]

1.d4 b6 2.e4 Bb7 3.Bd3 e6 4.Nf3 Nf6 5.Qe2 c5 6.c3 cxd4 7.cxd4 Bb4+ 8.Bd2 
Qe7 9.O-O Bxd2 10.Nbxd2 Nc6 11.a3 g5 12.b4 g4 13.Ne5 Nxd4 14.Qe3 Nc6 15.f4
h5 16.Rae1 O-O-O 17.Bb5 Kb8 18.Rd1 Rhg8 19.Rfe1 Rg7 20.Ba4 Nh7 21.Ndc4 f6 
22.Nd3 d5 23.exd5 exd5 24.Qc1 Qc7 25.Ne3 Nf8 26.Nf5 Rgd7 27.Qb2 b5 28.Bb3 
Rf7 29.g3 Ne7 30.Nd4 Qb6 31.Nc5 Rd6 32.Re2 a5 33.Rde1 a4 34.Rxe7 Rxe7 35.
Rxe7 axb3 36.Rxb7+ Qxb7 37.Nxb7 Kxb7 38.Qxb3 Ka6 39.Qd3 Rb6 40.a4 Ne6 41.
Nxe6 Rxe6 42.Qxb5+ Ka7 43.Qd7+ 1-0

[Event "EU-chT Seniors 02nd"]
[Site "Dresden"]
[Date "2000.03.01"]
[Round "1.2"]
[White "Koksch, Guenther"]
[Black "Starck, Bodo"]
[Result "0-1"]
[WhiteElo "1962"]
[BlackElo "2261"]
[EventDate "2000.03.01"]
[PlyCount "84"]

1.d4 Nf6 2.Nc3 d5 3.Bg5 Bf5 4.f3 Nbd7 5.g4 Bg6 6.Bg2 h6 7.Bf4 c6 8.e4 e6 
9.e5 Ng8 10.Nge2 c5 11.Be3 Ne7 12.O-O Nc6 13.f4 cxd4 14.Nxd4 Nxd4 15.Bxd4 
Bc5 16.Bxc5 Nxc5 17.Qd4 Qb6 18.Rf2 O-O 19.f5 Bh7 20.b4 Na4 21.Qxb6 Nxb6 
22.Nb5 Rac8 23.Nd6 Rc7 24.Raf1 Rd8 25.fxe6 fxe6 26.g5 hxg5 27.Nf7 Rdd7 28.
Nxg5 Bf5 29.Bh3 g6 30.Nxe6 Bxh3 31.Rf8+ Kh7 32.Ng5+ Kh6 33.Nxh3 Re7 34.Nf2
Rxc2 35.Ng4+ Kg5 36.Kh1 Nd7 37.h4+ Kxg4 38.Rg1+ Kh3 39.Rf3+ Kxh4 40.e6 
Rxe6 41.Rf7 Nf6 42.Rf8 Nh5 0-1

[Event "EU-chT Seniors 02nd"]
[Site "Dresden"]
[Date "2000.03.07"]
[Round "6.2"]
[White "Koksch, Guenther"]
[Black "Titz, Herbert"]
[Result "1-0"]
[WhiteElo "1962"]
[BlackElo "1995"]
[EventDate "2000.03.01"]
[PlyCount "111"]

1.d4 Nf6 2.Nc3 d6 3.e4 g6 4.Bg5 Bg7 5.e5 dxe5 6.dxe5 Qxd1+ 7.Rxd1 Ng4 8.h3
Nxe5 9.Nd5 Ned7 10.Nxc7+ Kd8 11.Nxa8 Bxb2 12.Bc4 Bc3+ 13.Bd2 Bxd2+ 14.Rxd2
e6 15.Nf3 Re8 16.O-O Rh8 17.Rfd1 Ke7 18.Nc7 a6 19.Nd4 Nc5 20.Nb3 Na4 21.
Re1 Kf6 22.Nd4 Nc5 23.Nf3 Nc6 24.Na8 Nd7 25.Rxd7 Bxd7 26.Nb6 Bc8 27.Rb1 
Na5 28.Be2 e5 29.Nxc8 Rxc8 30.Ne1 Rc7 31.Rb6+ Ke7 32.g4 Kd8 33.Bd3 Re7 34.
Be4 Kc7 35.Rb4 b5 36.a4 Nc6 37.Bxc6 Kxc6 38.axb5+ axb5 39.f3 Ra7 40.g5 Ra5
41.Rb1 h6 42.Nd3 e4 43.fxe4 hxg5 44.Ne5+ Kc5 45.Nxf7 g4 46.Re1 Ra7 47.Ng5 
gxh3 48.Nxh3 Kd6 49.Nf2 Ke5 50.Nd3+ Kd4 51.e5 g5 52.Kf2 Kc3 53.Re2 Kd4 54.
Kf3 Re7 55.Kg4 b4 56.Nxb4 1-0

[Event "EU-chT Seniors 02nd"]
[Site "Dresden"]
[Date "2000.03.04"]
[Round "4.2"]
[White "Kowalski, Michal"]
[Black "Hampel, Johannes"]
[Result "0-1"]
[WhiteElo "2152"]
[BlackElo "2043"]
[EventDate "2000.03.01"]
[PlyCount "70"]

1.e4 e6 2.d4 d5 3.e5 c5 4.c3 Nc6 5.Nf3 Bd7 6.a3 c4 7.g3 f6 8.Bh3 fxe5 9.
Nxe5 Nxe5 10.dxe5 Qc7 11.Qe2 O-O-O 12.f4 Ne7 13.Be3 g5 14.Nd2 Nc6 15.Nf3 
h6 16.O-O-O Rg8 17.Bg2 Be8 18.fxg5 Bh5 19.Bd4 Nxd4 20.Rxd4 hxg5 21.g4 Bg6 
22.Rdd1 Bd3 23.Qd2 Qb6 24.b4 Bc5 25.Rhe1 Bf2 26.Nxg5 Bxe1 27.Rxe1 Qa6 28.
Nf7 Qxa3+ 29.Qb2 Qxb2+ 30.Kxb2 Rdf8 31.Nd6+ Kb8 32.Bxd5 exd5 33.e6 Rf2+ 
34.Ka1 Bg6 35.e7 Be8 0-1

[Event "EU-chT Seniors 02nd"]
[Site "Dresden"]
[Date "2000.03.08"]
[Round "7.2"]
[White "Kowalski, Michal"]
[Black "Mueller, Siegmar"]
[Result "1/2-1/2"]
[WhiteElo "2000"]
[BlackElo "1715"]
[EventDate "2000.03.01"]
[PlyCount "63"]

1.Nf3 b6 2.g3 Bb7 3.Bg2 d5 4.c4 Nf6 5.O-O e6 6.d4 Be7 7.Nc3 O-O 8.Ne5 Nbd7
9.Qa4 c5 10.cxd5 exd5 11.Nxd7 Qxd7 12.Qxd7 Nxd7 13.Nxd5 Bxd5 14.Bxd5 Rad8 
15.dxc5 Nxc5 16.Bf3 Bf6 17.Rb1 Rfe8 18.Be3 Ne6 19.b3 Nd4 20.Kg2 Nc2 21.Bc1
Nd4 22.e3 Nf5 23.Bb2 Rd2 24.Bxf6 Nxe3+ 25.Kg1 Nxf1 26.Bg5 Nxh2 27.Bc6 Rxa2
28.Kxh2 Ree2 29.Rd1 h6 30.Bf4 Rxf2+ 31.Kg1 Rfe2 32.b4 1/2-1/2

[Event "EU-chT Seniors 02nd"]
[Site "Dresden"]
[Date "2000.03.02"]
[Round "2.2"]
[White "Kowalski, Michal"]
[Black "Scheipl, Ralf"]
[Result "0-1"]
[WhiteElo "2152"]
[BlackElo "2270"]
[EventDate "2000.03.01"]
[PlyCount "90"]

1.Nf3 Nf6 2.c4 g6 3.d4 Bg7 4.g3 O-O 5.Bg2 d6 6.O-O Nc6 7.Nc3 Bg4 8.Be3 Qd7
9.Qd2 Rfd8 10.Rfd1 Rab8 11.Rac1 Bh3 12.b3 Bxg2 13.Kxg2 Ng4 14.d5 Nxe3+ 15.
Qxe3 Ne5 16.Nxe5 Bxe5 17.f4 Bg7 18.Qf3 e5 19.e4 exf4 20.gxf4 Re8 21.Re1 f5
22.Rc2 Bxc3 23.Rxc3 fxe4 24.Rxe4 Rxe4 25.Qxe4 Re8 26.Qf3 Qe7 27.Rc2 Kf7 
28.Rf2 Qe3 29.Qg4 Qe4+ 30.Qf3 Kf6 31.Kg3 Qxf3+ 32.Kxf3 Kf5 33.Kg3 h5 34.
Kf3 Re4 35.Kg3 Re3+ 36.Kh4 Re4 37.Kg3 b6 38.h3 a5 39.Rf3 Re2 40.a4 Ke4 41.
Rf1 Re3+ 42.Kh4 Kf5 43.Rg1 Rxb3 44.Rg5+ Kf6 45.f5 Rxh3+ 0-1

[Event "EU-chT Seniors 02nd"]
[Site "Dresden"]
[Date "2000.03.05"]
[Round "5.2"]
[White "Kowalski, Michal"]
[Black "Starck, Bodo"]
[Result "1/2-1/2"]
[WhiteElo "2152"]
[BlackElo "2261"]
[EventDate "2000.03.01"]
[PlyCount "49"]

1.Nf3 d5 2.c4 c6 3.d4 Nf6 4.Nc3 Qb6 5.e3 Bg4 6.h3 Bxf3 7.Qxf3 e6 8.Bd3 Be7
9.O-O Nbd7 10.b3 O-O 11.Bb2 a5 12.Rab1 Rfe8 13.Rfd1 Qc7 14.Bc2 b5 15.cxb5 
cxb5 16.Rbc1 Qb7 17.Qe2 b4 18.Na4 Rec8 19.Bd3 Qa7 20.Qd2 Nb6 21.Nxb6 Qxb6 
22.Rxc8+ Rxc8 23.Rc1 Rc6 24.Rxc6 Qxc6 25.Qc2 1/2-1/2

[Event "EU-chT Seniors 02nd"]
[Site "Dresden"]
[Date "2000.03.03"]
[Round "3.3"]
[White "Kozlowski, Piotr"]
[Black "Harzer, Paul"]
[Result "1/2-1/2"]
[WhiteElo "2000"]
[BlackElo "2048"]
[EventDate "2000.03.01"]
[PlyCount "96"]

1.Nf3 e6 2.c4 f5 3.Nc3 Nf6 4.g3 Be7 5.Bg2 O-O 6.O-O d6 7.d4 a5 8.Qc2 Nc6 
9.e4 Nb4 10.Qe2 fxe4 11.Nxe4 Nxe4 12.Qxe4 e5 13.Ne1 exd4 14.Qxd4 Bf6 15.
Qd2 Re8 16.a3 Nc6 17.Nc2 Be6 18.Ne3 a4 19.Rb1 Bf7 20.Bd5 Qd7 21.b3 Nd4 22.
Qd1 axb3 23.Bb2 c5 24.Bxd4 Bxd4 25.Rxb3 Bxd5 26.Nxd5 Ra7 27.Kg2 Qf5 28.Nc7
Qe4+ 29.Qf3 Qxf3+ 30.Kxf3 Rf8+ 31.Ke2 Ra4 32.f4 Rxc4 33.Kd3 Ra4 34.Rxb7 
Rxa3+ 35.Kc4 Bf6 36.Rd1 Ra4+ 37.Kd5 c4 38.Rc1 c3 39.Nb5 Ra2 40.Nxc3 Rxh2 
41.Ne4 Rg2 42.Rcc7 Bb2 43.Kxd6 h5 44.Rb3 h4 45.Rcb7 Bf6 46.gxh4 Bxh4 47.
Rb8 Rxb8 48.Rxb8+ Kh7 1/2-1/2

[Event "EU-chT Seniors 02nd"]
[Site "Dresden"]
[Date "2000.03.07"]
[Round "6.3"]
[White "Kozlowski, Piotr"]
[Black "Neese, Hans Joachim"]
[Result "1/2-1/2"]
[WhiteElo "2000"]
[BlackElo "2165"]
[EventDate "2000.03.01"]
[PlyCount "66"]

1.Nf3 d5 2.d4 Nf6 3.b3 Bf5 4.Bb2 Nbd7 5.e3 e6 6.Be2 h6 7.Nbd2 Be7 8.O-O 
O-O 9.c4 c6 10.a3 a5 11.Rc1 Re8 12.h3 Ne4 13.Nxe4 Bxe4 14.Bd3 f5 15.Ne5 
Nxe5 16.dxe5 Rf8 17.f3 Bxd3 18.Qxd3 Rf7 19.Kh1 Bg5 20.Rcd1 Qc7 21.f4 Be7 
22.cxd5 cxd5 23.Rc1 Qd7 24.Rc2 Rc8 25.Rxc8+ Qxc8 26.Rc1 Qd7 27.a4 Bb4 28.
Bd4 Re7 29.Qc2 Kf7 30.Bc5 Bxc5 31.Qxc5 Qd8 32.g3 Qd7 33.Kg2 g5 1/2-1/2